Sanat - "Yhdet Suomelle" - Klamydia - Statistics

Yleistilastot
  • Tätä visaa on pelattu 5 kertaa
  • Keskiarvotulos 164 / 197
Vastaustilastot
Vastaus % Oikein
aikaan
100%
eksyneille
100%
en
100%
filmi
100%
ikinä
100%
ja
100%
Ja
100%
Kato
100%
Kavereille
100%
maa
100%
meidän
100%
meillä
100%
meille
100%
Mulla
100%
mun
100%
Mut
100%
mut
100%
on
100%
oot
100%
otetaan
100%
poikki
100%
pöytään
100%
100%
samaan
100%
sua
100%
Suomelle
100%
tää
100%
tänään
100%
toiset
100%
unohda
100%
yhdet
100%
ystävä
100%
aivan
67%
alkaa
67%
Kun
67%
Tilastot
67%
että
67%
Island
67%
jälleen
67%
Juodaan
67%
kattoo
67%
kuivaa
67%
Kymppitonni
67%
mahtavaksi
67%
Niin
67%
niin
67%
nuivaa
67%
numeroita
67%
onni
67%
sanoo
67%
suuta
67%
täähän
67%
taivaallinen
67%
tarjonta
67%
Temptation
67%
Vähemmästäkin
67%
antia
33%
haetaan
33%
jos
33%
kaupasta
33%
kerran
33%
lonkeropaksi
33%
pohja
33%
risti
33%
Siin
33%
Siis
33%
sininen
33%
tota
33%
uskotaan
33%
vaikka
33%
valkonen
33%
asti
0%
heikolta
0%
Hyvin
0%
jäältä
0%
kannettu
0%
kuin
0%
lähdetty
0%
lippuu
0%
loppuun
0%
mäkikotkan
0%
Mutta
0%
täältä
0%
usein
0%
Ehtoja vastaavia visoja ei löytynyt
Tulosjakauma
Jokaisen tuloksen saaneiden osuus
Persentiili vastausten määrän mukaan
Tuloshistoriasi
Et ole pelannut tätä visaa